00817 a2200205 45000010006000000050017000060080041000230030015000640400040000790800033001192450020001520200018001722640053001903000025002435050197002680410008004651000019004737000024004928560095005165403720260407155810.0260407a1977 arg spa dAR-UNSa-BCEJYS aAR-UNSa-BCEJYSbspacAR-UNSa-BCEJYS a330.101.541xMacroeconomía10aMacroeconomía a968-25-0017-6 1aMéxico :bNueva Editorial Interamericanac1977 aviii, 407 p.c25 cm. a1. Fundamentos de la teoría macroeconómica moderna - 2. Teoría macroeconómica keynesiana - 3. Teoría macroeconómica clásica y monetarista - 4. Problemas de política económica aspa1 aMakin, John H.1 aAgut Armer, Vicente41uhttps://biblioeco.unsa.edu.ar/pmb/images/libros/L128618.jpgyImagen de portadaqimage/jpeg